000 00470 a2200133 4500
001 ART_49686
005 20260410162028.0
008 260409a
245 1 0 _aPasando revista al sistema de notificaciones en el procedimiento laboral de la provincia de Buenos Aires
100 1 _aTula, Diego J.
700 1 _aGarcía Cossovich, Alvaro
700 1 _aCoello Grassi, Fabricio J.
773 0 _tTemas de derecho procesal
_g- N° 10 (oct. 2019)
_wREV44095
999 _c33705
_d33705